Hormigón pretensado / (Record no. 91118)

MARC details
000 -LEADER
campo de control de longitud fija 00756nam a2200205 i 4500
001 - NÚMERO DE CONTROL
campo de control 91118
003 - IDENTIFICADOR DE NÚMERO DE CONTROL
campo de control ES-MaACL
005 - FECHA Y HORA DE LA ÚLTIMA TRANSACCIÓN
campo de control 20230906180639.0
007 - CAMPO FIJO DE DESCRIPCIÓN FÍSICA--INFORMACIÓN GENERAL
campo de control de longitud fija t|
008 - DATOS DE LONGITUD FIJA--INFORMACIÓN GENERAL
campo de control de longitud fija 050127s1967 sp ||||1| spa d
100 1# - ENTRADA PRINCIPAL--NOMBRE DE PERSONA
Nombre de persona Leonhardt, Fritz.
9 (RLIN) 71688
245 10 - MENCIÓN DEL TÍTULO
Título Hormigón pretensado /
Mención de responsabilidad, etc. por Fritz Leonhardt ; traducción por Alberto Corral ; supervisión de Juan Batanero.
260 ## - PUBLICACIÓN, DISTRIBUCIÓN, ETC.
Lugar de publicación, distribución, etc. Madrid :
Nombre del editor, distribuidor, etc. Instituto Eduardo Torroja de la Construcción y del Cemento,
Fecha de publicación, distribución, etc. 1967.
300 ## - DESCRIPCIÓN FÍSICA
Extensión XXVIII, 762 p. :
Otras características físicas il. ;
Dimensiones 27 cm.
650 #4 - PUNTO DE ACCESO ADICIONAL DE MATERIA--TÉRMINO DE MATERIA
Término de materia o nombre geográfico como elemento de entrada Hormigón pretensado.
9 (RLIN) 164180
700 1# - ENTRADA AGREGADA--NOMBRE PERSONAL
Nombre de persona Corral, Alberto.
9 (RLIN) 40703
700 1# - ENTRADA AGREGADA--NOMBRE PERSONAL
Nombre de persona Batanero, Juan.
9 (RLIN) 26404
710 2# - ENTRADA AGREGADA--NOMBRE DE ENTIDAD CORPORATIVA
Nombre de entidad corporativa o nombre de jurisdicción como elemento de entrada Instituto Eduardo Torroja de la Construcción y del Cemento.
9 (RLIN) 5030
852 ## - LOCALIZACIÓN
Ubicación ES-MaACL
Número de control de estantería C-32342
Sublocalización o colección R.63215
Holdings
Estatus retirado Estado de pérdida Estado de daño No para préstamo Biblioteca de origen Biblioteca actual Ubicación en estantería Fecha de adquisición Fuente de adquisición Total de préstamos Signatura topográfica completa Código de barras Visto por última vez Precio de reemplazo Tipo de ítem Koha
        Biblioteca del Ateneo de Madrid Biblioteca del Ateneo de Madrid Depósito 2 17/01/2008     C-32342 1095135 23/02/2023 23/02/2023 Libro impreso